000 00563nam a2200241Ia 4500
003 OSt
005 20220912152006.0
006 a|||||r|||| 00| 0
007 ta
008 220909b |||||||| |||| 00| 0 eng d
024 _a62419
037 _cTextual
040 _aCSL
_beng
_cCSL
041 _aeng
082 _aL:6:I, L0
100 _aHare R
245 0 _aBirth of penicillin and disarming of microbes
260 _c1970
300 _ap.
_ccm.
650 _aMedicine
942 _hL:6:I, L0
_cTEXL
_2CC
999 _c78832
_d78832